Online katalóg knižníc regiónu Turca

Eugen Onegin (Record no. 20425)

MARC details
000 -LEADER
fixed length control field 01743cam a2200481 a 4500
001 - CONTROL NUMBER
control field 20425
003 - CONTROL NUMBER IDENTIFIER
control field VRT
005 - DATE AND TIME OF LATEST TRANSACTION
control field 20260122130500.0
008 - FIXED-LENGTH DATA ELEMENTS--GENERAL INFORMATION
fixed length control field 240226s1999 xo gr 000 f slo
015 ## - NATIONAL BIBLIOGRAPHY NUMBER
National bibliography number SNBA2004/03-02104
020 ## - INTERNATIONAL STANDARD BOOK NUMBER
International Standard Book Number 8088834589
035 ## - SYSTEM CONTROL NUMBER
System control number SNK000406360
035 ## - SYSTEM CONTROL NUMBER
System control number urn:nbn:sk:snk-am3iwjd
035 ## - SYSTEM CONTROL NUMBER
System control number E193739D-55E0-4C6E-BBA5-AB8DE17859F0
035 ## - SYSTEM CONTROL NUMBER
System control number urn:nbn:sk:snk-am00g5x8
039 #9 - LEVEL OF BIBLIOGRAPHIC CONTROL AND CODING DETAIL [OBSOLETE]
Level of rules in bibliographic description 202402261710
Level of effort used to assign nonsubject heading access points VLOAD
Level of effort used to assign subject headings 202208180759
Level of effort used to assign classification msnk115
Level of effort used to assign subject headings 202205120806
Level of effort used to assign classification VLOAD
Level of effort used to assign subject headings 202201070905
Level of effort used to assign classification VLOAD
040 ## - CATALOGING SOURCE
Original cataloging agency SNK
Language of cataloging slo
Original cataloging agency SNK
Description conventions AACR2
041 1# - LANGUAGE CODE
Language code of text/sound track or separate title slo
Language code of original rus
044 ## - COUNTRY OF PUBLISHING/PRODUCING ENTITY CODE
MARC country code xo
ISO country code SK
072 #7 - SUBJECT CATEGORY CODE
Subject category code 821.161.1
Subject category code subdivision Ruská literatúra
Source konspekt
080 ## - UNIVERSAL DECIMAL CLASSIFICATION NUMBER
Universal Decimal Classification number 821.161.1-31
Edition identifier 2011
100 1# - MAIN ENTRY--PERSONAL NAME
Personal name Puškin, Aleksandr Sergejevič,
Dates associated with a name 1799-1837
Relationship aut
245 10 - TITLE STATEMENT
Title Eugen Onegin
Statement of responsibility, etc. Alexander Sergejevič Puškin ; preložil: Ivan Kupec
250 ## - EDITION STATEMENT
Edition statement [1. vydanie]
260 ## - PUBLICATION, DISTRIBUTION, ETC.
Place of publication, distribution, etc. Rohovce
Name of publisher, distributor, etc. Interpopulart Slovakia
Date of publication, distribution, etc. [1999]
300 ## - PHYSICAL DESCRIPTION
Extent 127 strán
Dimensions 22 cm
490 1# - SERIES STATEMENT
Series statement Populart. Ruská romantická literatúra
490 1# - SERIES STATEMENT
Series statement Študentská knižnica
Volume/sequential designation 59.
500 ## - GENERAL NOTE
General note Preložené z ruštiny
655 #7 - INDEX TERM--GENRE/FORM
Genre/form data or focus term ruské romány
Source of term SNKPH
655 #7 - INDEX TERM--GENRE/FORM
Genre/form data or focus term veršované romány
Source of term SNKPH
700 1# - ADDED ENTRY--PERSONAL NAME
Personal name Kupec, Ivan,
Dates associated with a name 1922-1997
Relationship trl
830 #0 - SERIES ADDED ENTRY--UNIFORM TITLE
Uniform title Populart
Name of part/section of a work Ruská romantická literatúra
830 #0 - SERIES ADDED ENTRY--UNIFORM TITLE
Uniform title Študentská knižnica
910 ## - USER-OPTION DATA (OCLC)
User-option data snk
942 ## - ADDED ENTRY ELEMENTS (KOHA)
Source of classification or shelving scheme Dewey Decimal Classification
Koha item type Krásna literatúra pre dospelých
Suppress in OPAC No
949 ## - LOCAL PROCESSING INFORMATION (OCLC)
6 3912002498
a knkjsdo/B
b knkjs2008/245639
949 ## - LOCAL PROCESSING INFORMATION (OCLC)
6 3912002499
a knkjsdo/B
b knkjs2008/260566
949 ## - LOCAL PROCESSING INFORMATION (OCLC)
6 270001000046167
a svkbbA 94679
b svkbbm 612589
949 ## - LOCAL PROCESSING INFORMATION (OCLC)
6 270001000046168
a svkbbA 94679
b svkbbm 612590
949 ## - LOCAL PROCESSING INFORMATION (OCLC)
6 270001000046169
a svkbbA 94679
b svkbbm 613246
949 ## - LOCAL PROCESSING INFORMATION (OCLC)
6 17A0378271
9 P60, <03>, [BOOK], {603}
a snkSC 111115
b snkKSP 4088/2003
s 6100:20210419
Holdings
Stav vyradenia Strata Poškodenie Spôsob nadobudnutia Domovská knižnica Aktuálna knižnica Dátum nadobudnutia Total checkouts Čiarový kód exemplára Date last seen Typ exemplára
      Dar Obecná knižnica Horná Štubňa Obecná knižnica Horná Štubňa 22.01.2026   8088834589 22.01.2026 Krásna literatúra pre dospelých
Projekt je podporený Slovenskou asociáciou knižníc
Prevádzkuje Turčianska knižnica Martin 2026